L´Espit de la Commedia de l´arte dans le Théatre

Đã lưu trong:
Chi tiết về thư mục
Tác giả chính: Attinger, Gustave
Định dạng: Sách
Ngôn ngữ:Undetermined
Được phát hành: Génova, Italia Slatlsine 1969
Những chủ đề:
Các nhãn: Thêm thẻ
Không có thẻ, Là người đầu tiên thẻ bản ghi này!

MARC

LEADER 00000nam a2200000Ia 4500
008 170316s9999 xx 000 0 und d
090 |a 792 A-10e 
100 |a Attinger, Gustave 
245 |a L´Espit de la Commedia de l´arte dans le Théatre 
260 |a Génova, Italia 
260 |b Slatlsine 
260 |c 1969 
300 |a 489 páginas 
650 |a TEATRO 
999 |c 19692  |d 19692 
040 |a cru BVZT 
942 |c 15 D  |h 792 A-10e  |2 z